Circuitos microelectrónicos

Bibliographic Details
Main Authors: Sedra, Adel S., Smith, Kenneth C
Format: Section = Libro
Language:Undetermined
Spanish
Published: México Oxford University Press 1999
Edition:4a.ed.
Subjects:
LEADER 00657nam a2200241Ia 4500
008 240829s9999 xx 000 0 und d
020 |a 970-613-379-8 
040 |a BIBLIOTECA-RUSB/ 621.381 S449 
041 |a spa 
082 |a 621.381 S449 
100 1 |a Sedra, Adel S.  
100 1 |b  Smith, Kenneth C 
245 1 0 |a Circuitos microelectrónicos 
250 |a 4a.ed. 
260 |a México  |b Oxford University Press  |c 1999 
300 |a 1237 p. :il. 
650 7 |a ELECTRONICA 
650 7 |b  AMPLIFICADORES OPERACIONALES 
650 7 |c  DISPOSITIVOS Y CIRCUITOS BASICOS 
650 7 |d  GENERADORES DE SEÑALES 
942 |c BK  |2 ddc 
991 |a TEXTO 
999 |c 3351